| 000 | 00971nam a22002177a 4500 | ||
|---|---|---|---|
| 001 | 2480 | ||
| 003 | FISKH | ||
| 005 | 20231212104729.0 | ||
| 008 | 231212b cb ||||| |||| 00| 0 eng d | ||
| 020 | _a9789388369053 | ||
| 040 |
_aFISKH _beng _cFISKH _dFISKH |
||
| 082 | _a759.94 | ||
| 100 | _aAnonymous | ||
| 245 |
_aWorld's greatest artists / _cWonder House |
||
| 260 |
_aUttar Pradesh : _bWonder House, _c2023. |
||
| 300 |
_a160 pages : _billustrations ; _c20 cm |
||
| 520 | _aA well-researched book which celebrate the achievements of talented and influential artists who have inspired generations with their painting, sculptures and illustrations. Age appropriate content, fun facts and bold illustrations will appeal to the curiosity of young inquisitive minds and help them develop their reading skill and general knowledge. | ||
| 650 |
_aBiographies _vJuvenile Literature |
||
| 650 |
_aInspirational Personalities _vJuvenile Literature |
||
| 942 |
_2ddc _cBK _n0 |
||
| 999 |
_c2480 _d2480 |
||